Fundamentals of organizational communication : (Record no. 7534)

MARC details
000 -LEADER
fixed length control field 01560cam a2200229 4500
001 - CONTROL NUMBER
control field 8694
005 - DATE AND TIME OF LATEST TRANSACTION
control field 20181127190530.0
008 - FIXED-LENGTH DATA ELEMENTS--GENERAL INFORMATION
fixed length control field 010423s2002 maua b 001 0 eng
010 ## - LIBRARY OF CONGRESS CONTROL NUMBER
LC control number 2001033388
020 ## - INTERNATIONAL STANDARD BOOK NUMBER
International Standard Book Number 0205340768 (alk. paper)
082 00 - DEWEY DECIMAL CLASSIFICATION NUMBER
Classification number 658.4/5
Edition number 21
100 1# - MAIN ENTRY--PERSONAL NAME
Personal name Shockley-Zalabak, Pamela.
245 10 - TITLE STATEMENT
Title Fundamentals of organizational communication :
Remainder of title knowledge, sensitivity, skills, values /
Statement of responsibility, etc. Pamela Shockley-Zalabak.
246 3# - VARYING FORM OF TITLE
Title proper/short title Organizational communication
250 ## - EDITION STATEMENT
Edition statement 5th ed.
260 ## - PUBLICATION, DISTRIBUTION, ETC.
Place of publication, distribution, etc. Boston :
Name of publisher, distributor, etc. Allyn and Bacon,
Date of publication, distribution, etc. c2002.
300 ## - PHYSICAL DESCRIPTION
Extent xvi, 496 p. :
Other physical details ill. ;
Dimensions 25 cm.
504 ## - BIBLIOGRAPHY, ETC. NOTE
Bibliography, etc. note Includes bibliographical references and indexes.
505 ## - FORMATTED CONTENTS NOTE
Formatted contents note CONTENTS : oganizational communication: a competency- based approach -- Frameworks for understanding organizational communication -- Theoretical perspectives for organizational communication -- Communication implications of major organizational theories -- Individuals in organizations -- Groups in organizations -- Leadership and management communication -- Participating in organizations: developing critical organizational communication competencies -- Organizational conflict: communicating for effectiveness -- Strategic organizational communication: professional applications of organizational communication -- Applications of organizational communication -- Organizational communication: values and ethical communication behaviors -- Appendix. Putting it all together -- Cases.
Miscellaneous information
Statement of responsibility
Title
650 #0 - SUBJECT ADDED ENTRY--TOPICAL TERM
Topical term or geographic name entry element Communication in organizations.
Holdings
Withdrawn status Lost status Source of classification or shelving scheme Damaged status Not for loan Collection code Home library Current library Shelving location Serial Enumeration / chronology Inventory number Total Checkouts Full call number Barcode Date last seen Price effective from Koha item type
    Dewey Decimal Classification     Main TEST RTC Library RTC Library Main opac 13167   658.4 SHO 30012275 27/11/2018 27/11/2018 Main
Royal Thimphu College || All Right Reserved